000 00971nam a22002898a 4500
001 1616605
005 19950713134921.0
008 950711s1996 nyu b 001 0 eng
010 _a 95035014
020 _a9781844806454
040 _aDLC
_cDLC
050 0 0 _aHD31
_b.R437 1996
082 0 0 _a658
_220
_bREE
100 1 _aRees, W. David.
_94008
245 1 4 _aThe skills of management /
_cW. David Rees.
250 _a6th ed.
260 _aNew York :
_bRoutledge,
_c2008
263 _a9603
300 _a406p.;
_c26 cm.
500 _aIncludes index
504 _aIncludes bibliographical references and index.
650 0 _aManagement.
_94009
700 _94007
_aPorter, Christine
942 _2ddc
_cBB
999 _c11372
_d11372